00466 2200169 4500245003900000020002200039250001100061100001700072700001300089650002100102005001900123260002900142041001400171084000800185300009400193336000900287 aSalem dan NinicDebby LukitohText a978-623-118-704-8 aCet. 1 aDebby Lukito aFelishia aCerita Bergambar a20240830150412 aJakartabPusat perbukuan aIndonesia a741 amenggunakan huruf Granstander Clean, Tahoma, Comic Sans MS iv, 36 hlm :b21 × 29,7 cm ; atext